00420 2200157 4500001002100000005001500021035002000036245006800056100002400124300001200148260004600160082000800206084001400214020002200228990001200250INLIS00000000000264120250805080405 a0010-08250000021 aSuper Modul KSN SMA :bBank Soal Kimia 4 /cAulia Wahyuningtyas0 aAulia Wahyuningtyas a248 hlm aJakarta :bPT. Jakarta Sains Media,c2022 a540 a540 AUL s a978-623-6111-22-2 a0754839